00266nam a2200109Ia 4500008004100000041001200041082001100053100001800064245006100082260000600143650000700149221030s9999 xx 000 0 und d aEnglish a105.23 aJ. A. Parnell 0aStrategic Management Theory & Practicecby J. A. Parnell c0 aMb